Articulate mammal: an introduction to psycholinguistics (Record no. 123320)

MARC details
000 -LEADER
fixed length control field 00557nam a2200229Ia 4500
008 - FIXED-LENGTH DATA ELEMENTS--GENERAL INFORMATION
fixed length control field 210210b2011 xxu||||| |||| 00| 0 eng d
020 ## - INTERNATIONAL STANDARD BOOK NUMBER
International Standard Book Number 9780415610186
041 ## - LANGUAGE CODE
Language code of text/sound track or separate title eng
082 ## - DEWEY DECIMAL CLASSIFICATION NUMBER
Classification number 401.9 AITA
100 ## - MAIN ENTRY--PERSONAL NAME
Personal name AITCHISON (Jean)
245 ## - TITLE STATEMENT
Title Articulate mammal: an introduction to psycholinguistics
260 ## - PUBLICATION, DISTRIBUTION, ETC.
Place of publication, distribution, etc. London
Name of publisher, distributor, etc. Routledge
Date of publication, distribution, etc. 2011
300 ## - PHYSICAL DESCRIPTION
Extent xx,286
650 ## - SUBJECT ADDED ENTRY--TOPICAL TERM
Topical term or geographic name entry element to
650 ## - SUBJECT ADDED ENTRY--TOPICAL TERM
Topical term or geographic name entry element psycholinguistics
650 ## - SUBJECT ADDED ENTRY--TOPICAL TERM
Topical term or geographic name entry element mammal:
650 ## - SUBJECT ADDED ENTRY--TOPICAL TERM
Topical term or geographic name entry element introduction
650 ## - SUBJECT ADDED ENTRY--TOPICAL TERM
Topical term or geographic name entry element Articulate
650 ## - SUBJECT ADDED ENTRY--TOPICAL TERM
Topical term or geographic name entry element an
690 ## - LOCAL SUBJECT ADDED ENTRY--TOPICAL TERM (OCLC, RLIN)
Topical term or geographic name as entry element Linguistics
906 ## - LOCAL DATA ELEMENT F, LDF (RLIN)
a 073485
Holdings
Withdrawn status Lost status Damaged status Not for loan Collection code Home library Current library Shelving location Date acquired Source of acquisition Cost, normal purchase price Total Checkouts Full call number Barcode Date last seen Date last checked out Price effective from Koha item type
          St Aloysius Library St Aloysius Library   02/17/2021 Vidya Vihar Govind Nagar, Kanpur 695.00 1 401.9 AITA 073485 07/05/2022 04/30/2022 02/17/2021 Book